Quizzes
Events
Quiz Creation
Community
Videos
Private Events
Remove Ads
Sign In
Join for FREE
Feedback
Dark Mode
Quiz Categories
Sports
Geography
Music
Movies
Television
Just For Fun
Miscellaneous
History
Literature
Language
Science
Gaming
Entertainment
Religion
Holiday
For Kids
Quiz Lab
Recent
Popular Today
Quiz Kudos Today
Editor Picks
Curator Picks
Quizzes by...
Day
Popularity
Type
Ratings
Length
Year
Community
Subscriptions
Recent Discussions
Orange Saloon
Badges
Playlists
Quests
Create
Leaderboards
Showdown
Live 5
Trivia Bingo
Activity
Puzzle Library
Sporcle Events
Private Events
Virtual Trivia
Globe League
Become a Host
Pub Owners
SporcleCon
Opinionation
Our Games
Videos
Blog
Mobile Apps
Partnerships
Remove Ads and Go Orange
Feedback
Sports
Athletes
MLB
NBA
NHL
NFL
Soccer
Sports Teams
WWE
NCAA
Football
Premier League
Basketball
Baseball
Hockey
Golf
Tennis
Cricket
Rugby
Auto Racing
Olympics
World Cup
Sports
Athletes
MLB
NBA
NHL
NFL
Soccer
Sports Teams
WWE
NCAA
Football
Premier League
Basketball
Baseball
Hockey
Golf
Tennis
Cricket
Rugby
Auto Racing
Olympics
World Cup
Random Quiz
Search Sporcle
×
Quiz Lab
Quiz Lab
Sports
2010
Type in answers that appear in a list
Type in answers that appear in a list
Classic
Best Score? Go Orange.
Complete the Card: SummerSlam 2010 Stats
Can you name the wrestlers who competed at the SummerSlam pay-per-view in 2010?
By
SporcleEXP
3m
26 Questions
913 Plays
913 Plays
913 Plays
Comments
Comments
Give Quiz Kudos
Give Quiz Kudos
-
- Ratings
hide this ad
More Info
Replay
Link that replays current quiz
Next Quiz
Link to next quiz in quiz playlist
You Got
0%
They Got
Avg Score
88%
Avg Friend Score
Upgrade to see
Score Distribution
Jump to the score distribution portion of the page
Score
0/26
Timer
03:00
0
Plays Today
Match Type
Wrestler
% Correct
Match 6 -
7-
on-
7 Elimination Tag Team Match
John Cena
96.9%
Match 6 -
7-
on-
7 Elimination Tag Team Match
Wade Barrett
95.1%
Match 4 -
Singles Match for the WWE Championship
Randy Orton
94.4%
Match 6 -
7-
on-
7 Elimination Tag Team Match
Daniel Bryan
94.2%
Match 6 -
7-
on-
7 Elimination Tag Team Match
Chris Jericho
94.1%
Match 6 -
7-
on-
7 Elimination Tag Team Match
Edge
93.5%
Match 6 -
7-
on-
7 Elimination Tag Team Match
Heath Slater
92.2%
Match 5 -
Singles Match for the World Heavyweight Championship
Kane
92%
Match 4 -
Singles Match for the WWE Championship
Sheamus
91.9%
Match 5 -
Singles Match for the World Heavyweight Championship
Rey Mysterio
91.5%
Match 6 -
7-
on-
7 Elimination Tag Team Match
Bret Hart
91%
Match 6 -
7-
on-
7 Elimination Tag Team Match
Skip Sheffield
90.9%
Match 3 -
3-
on-
1 Handicap Match
CM Punk
90.8%
Match Type
Wrestler
% Correct
Match 6 -
7-
on-
7 Elimination Tag Team Match
Justin Gabriel
90.4%
Match 3 -
3-
on-
1 Handicap Match
Big Show
90%
Match 1 -
Singles Match for the WWE Intercontinental Championship
Dolph Ziggler
89.5%
Match 6 -
7-
on-
7 Elimination Tag Team Match
John Morrison
89.5%
Match 6 -
7-
on-
7 Elimination Tag Team Match
R-Truth
88.8%
Match 1 -
Singles Match for the WWE Intercontinental Championship
Kofi Kingston
87.9%
Match 6 -
7-
on-
7 Elimination Tag Team Match
David Otunga
86.9%
Match 6 -
7-
on-
7 Elimination Tag Team Match
Darren Young
84.5%
Match 3 -
3-
on-
1 Handicap Match
Luke Gallows
83.8%
Match 6 -
7-
on-
7 Elimination Tag Team Match
Michael Tarver
83.4%
Match 3 -
3-
on-
1 Handicap Match
Joseph Mercury
76.3%
Match 2 -
Singles Match for the WWE Divas Championship
Alicia Fox
75.9%
Match 2 -
Singles Match for the WWE Divas Championship
Melina
71%
Quiz Playlist
Details
Report
Send in Message
Add To Playlist
More Info:
Guess only the wrestlers who competed at this event (do not guess commentators, valets, managers, etc...). This doesn't include dark matches.
Classic:
Type in answers that appear in a list
Quiz Source
Last Updated: Feb 16, 2017
Quiz Scoreboard
CHALLENGE
Sign Up to Join the Scoreboard
Show All
Scores
Hide
Comments
May contain spoilers
Recently Published
Movies - When Are They Set?
by FPL_Elf
Movies
5m
Popular People in 1961
by mucciniale
History
6m
1-10 Letter E Words III
by El_Dandy
Language
2m
More to Explore
Quiz From the Vault
Featured Blog Post
Where Did the Easter Bunny Come From?
hide this ad
You Might Also Like...
Tags
2010
Competed
complete
Matching
Pay-per-view
Summerslam
Wrestlers
Today's Top Quizzes in Sports
Browse Sports
hide this ad
Today's Top Quizzes in 2010
Browse 2010
Top Contributed Quizzes in Sports
1
Les meilleurs buteurs des matchs entre le PSG et l’OM
2
FIFA Club World Cup Champions
3
Les entraîneurs de l'OM et du PSG au 21e siècle
4
2022 World Cup Stars
5
Name the Premier League winners with different clubs
6
La finale Lions - Afrique du Sud 2021
7
Criteria MLB: Left Handed Sluggers
8
Les joueurs passés par le LOSC et le RC Lens
9
Players with Multiple 50 Home Run Seasons
10
MLB Players with Two .350 Batting Average Seasons
Explore More
Trending Topics
Kpop
Disney
NBA
Marvel
Harry Potter
Anime
Crossword
Puzzle
WWE
NFL
Song
The Office
Pokémon
Soccer
Country
hide this ad
More By:
SporcleEXP
Quiz
Plays
Rating
Category
Featured
Created
Harry Potter Deaths in Order Minefield
3,068,021
4.18
Literature
Jan 27, 2016
Sins, Dwarfs, and Spice Girls
847,245
4.42
Just For Fun
Apr 11, 2012
Ancient History Bunker
708,027
4.28
History
Jan 20, 2014
Movie Posters VI
678,970
4.37
Movies
Nov 12, 2010
Movie Posters VII
621,796
4.44
Movies
Apr 16, 2011
Go to Creator's Profile
Score Distribution
Quiz Creator Spotlight
SporcleEXP
Follow
Send a Message
Quizzes Created
-
Created Quiz Play Count
-
More By This Creator
Popular Quizzes Today
1
Find the Countries of Europe - No Outlines Minefield
2
Find the US States - No Outlines Minefield
3
The Countries of the World
4
Popular People in 1961
5
US States
6
1-10 Letter E Words III
7
Find the US States
8
One Thing in Common: World Cities II
More Sports Quizzes
Orioles Yearly Top 5 WAR (Batters)
Quiz Lab
Trending Quizzes
Risky Map Clicking: Least Populous States A-Z
1-10 Letter F Words
1-10 Letter G Words
One Thing in Common: United Kingdom
Risky Map Clicking: Next State Alphabetically
Recently Updated
Leaping Animals
pecheneg
Reality TV Shows (A-Z)
bhenderson79
Rickey Henderson's Hall of Fame Teammates
pecheneg
Champions League XIs: Arsenal
pecheneg
Quick Pick: Celebrities in WWE's Hall of Fame
aduchscher
A-Z Keypad Blitz II
pecheneg
Multiple Oscar Actors
pecheneg
Mystery Phrase Blitz: Oscar 'Best Actors'
pecheneg
F. Scott Fitzgerald Novels
LTH
Pick 3 Villains
ddd62291
Trending Topics
Anime
Disney
Marvel
Harry Potter
Kpop
NBA
Crossword
Song
Soccer
Country
NFL
Pokémon
The Office
WWE
Puzzle
Your Account Isn't Verified!
In order to create a playlist on Sporcle, you need to verify the email address you used during registration. Go to your
Sporcle Settings
to finish the process.
Report this User
Report this user for behavior that violates our
Community Guidelines
.
Details:
Send Report
Go to the Sporcle.com Mobile Site →
Comments